Applied Numerical Analysis

Guardado en:
Detalles Bibliográficos
Autor principal: Rahman, Matiur (Autor)
Formato: Libro
Lenguaje:inglés
Publicado: Southampton : WIT Press, 2005
Materias:
Etiquetas: Agregar Etiqueta
Sin Etiquetas, Sea el primero en etiquetar este registro!

MARC

LEADER 00000nam a22000003a 4500
001 stu91539
005 20150617225624.7
008 041112s2005----uk------------------eng-d
020 |a 1-85312-891-0 
040 |a STU  |b slo 
041 0 |a eng 
044 |a uk 
080 |a 519.6 
100 1 |a Rahman, Matiur  |4 aut 
245 1 |a Applied Numerical Analysis 
260 |a Southampton :  |b WIT Press,  |c 2005 
300 |a 392 s 
650 7 |a numerická analýza  |2 stusub 
996 |b 284EK85416  |c E*85416  |l EE11  |s P  |a 0  |w stu91539_0001